[Event "Arvier op"]
[Site "Arvier"]
[Date "2010.07.05"]
[Round "4"]
[White "Biancotti, Alessandro"]
[Black "Timpano, Daniele"]
[Result "1-0"]
[WhiteElo "1899"]
[BlackElo "1440"]
[PlyCount "89"]
[EventDate "2010.07.03"]
[EventType "swiss"]
[EventRounds "9"]
[EventCountry "ITA"]
[SourceTitle "CBM 137 Extra"]
[Source "ChessBase"]
[SourceDate "2010.09.01"]
[SourceVersion "1"]
[SourceVersionDate "2010.09.01"]
[SourceQuality "1"]

1. b4 Nf6 2. Bb2 e5 3. a3 Be7 4. Bxe5 d6 5. Bb2 0-0 6. Nf3 Nc6 7. e3 a6 8. Nc3 Bg4 9. Be2 d5 10. d4 Re8 11. h3 Bxf3 12. Bxf3 Qd7 13. Ne2 h6 14. 0-0 Bd6 15. Rc1 Re7 16. c4 dxc4 17. Rxc4 Rae8 18. Bxc6 bxc6 19. Qc2 Ra8 20. Rxc6 Re6 21. Rc4 Rc8 22. Qf5 g6 23. Qf3 Nh5 24. d5 Re7 25. g4 Ng7 26. Qf6 Be5 27. Bxe5 Rxe5 28. Qxe5 c6 29. Rfc1 Re8 30. Qd4 cxd5 31. Nf4 Rd8 32. Rc5 Ne6 33. Nxe6 Qxe6 34. Rd1 Qe7 35. Rxd5 Rxd5 36. Qxd5 Qh4 37. Qd8+ Kg7 38. Qxh4 g5 39. Qg3 f6 40. Rd7+ Kg6 41. f4 gxf4 42. exf4 f5 43. Qd3 h5 44. Qxf5+ Kh6 45. g5# 1-0